000 00294nam a2200121 a 4500
005 20140414093836.0
008 090115s19uu xx uuu eng d
050 _aCDR 004.5
_bHOM 2000
245 _aHome publishing suite 2000.
650 _aWeb publishing.
942 _cAVM
999 _c109045
_d109045